000 00845nam a22002057a 4500
003 UA-OsUOA
001 129187
007 ta
008 20180220b un ||||| |||| 00| 0 ukr d
100 _aЕмар М.
090 _bЕ60
942 _cEB
040 _aUA-OsUOA
_bukr
_cUA-OsUOA
_dUA-OsUOA
245 _aІсторія і пам'ять
955 _a2
041 _aukr
856 4 0 _uhttps://javalibre.com.ua/java-book/book/394
520 3 _aМоріс Емар (1936 р.н.) — сучасний французький історик, учень Фернана Броделя,котрий ще в університетські роки сформував дослідницький інтерес Емара доекономічної історії модерної Італії та Середземномор’я.
650 7 _2UDC
999 _c416971
_d416971